| 000 | 00614nam a22002057a 4500 | ||
|---|---|---|---|
| 008 | 131113b xxu||||| |||| 00| 0 eng d | ||
| 020 | _a3854282230 | ||
| 041 | 0 | _aeng | |
| 080 | _a339 | ||
| 100 | 1 | _aEife, Franz Ferdinand | |
| 245 | 1 | 0 |
_aMergers & Acquisitions : _cFranz Ferdinand Eife, Wolfgang Molzer |
| 260 |
_aWien : _bService Fachverlag ; _c1993. |
||
| 300 |
_a119 f. : _c24 cm. |
||
| 500 | _aVorwort : f. 7 | ||
| 500 | _aEinleitung : f. 9-11 | ||
| 505 | _aLiteraturhinweise : f. 113 - 119 | ||
| 650 | 0 | _aBlerja | |
| 650 | 0 | _aBizneset | |
| 942 |
_2udc _cBK |
||
| 999 |
_c292 _d292 |
||